Bem-vindos à casa da morte (Registo nº 3428)

Detalhes MARC
000 -Etiqueta do registo
Cabeçalho 00861nam a22002891 4500
005 - Identificador da versão
Campo de controlo 20240813122001.0
010 ## - Número internacional normalizado dos livros (ISBN)
Número (ISBN) 9726110580
021 ## - Número do Depósito Legal
Código do país PT
Número 108948/97
100 ## - Dados gerais de processamento
Dados gerais de processamento 20010326d1997 a y0pory5003 ba
102 ## - Pais de publicação ou produção
País de publicação Portugal
101 1# - Língua de publicação
Língua do texto, banda sonora, etc. Português
Língua do documento no original Inglês
106 ## - Campo de dados codificados: material textual
Dados codificados do material textual r
105 ## - Campo de dados codificados: livros
Dados codificados dos livros y z 001ay
215 ## - Descrição física 
Indicação específica da natureza do documento e extensão da espécie 124, [13] p.
Dimensões 19 cm
200 1# - Titulo e menção de responsabilidade
Título próprio Bem-vindos à casa da morte
Primeira menção de responsabilidade R. L. Stine
Outras menções de responsabilidade trad. Rodrigo Pinto Rodrigues
225 2# - Colecção 
Título próprio da colecção Arrepios
Indicação de volume 1
210 ## - Publicação, Distribuição, etc. 
Lugar da edição, distribuição, etc. Linda-a-Velha
Nome do editor, distribuidor, etc. Abril/Controljornal
Data da publicação, distribuição, etc. D.L. 1997
312 ## - Notas relativas a títulos relacionados 
Texto da nota Tít. orig.: Welcome to dead house
606 ## - Nome comum usado como assunto
Número de registo de entrada de autoridade 0000479
Palavra de ordem Literatura estrangeira juvenil
Subdivisão de assunto Romance de aventuras
675 ## - Classificação Decimal Universal (CDU)
Notação 82-311.3
Edição
Língua da edição por
702 #1 - Nome de autor-pessoa física (responsabilidade secundária)
Número de registo de entrada de autoridade 0002742
Palavra de ordem Rodrigues
Outra parte do nome não tomada para palavra de ordem Rodrigo Pinto
Código de função Tradutor
700 #1 - Nome de autor-pessoa física (responsabilidade principal)
Número de registo de entrada de autoridade 0000561
Palavra de ordem Stine
Outra parte do nome não tomada para palavra de ordem R. L.
942 ## - Elementos de entrada adicionados (Koha)
Tipo de item no Koha Livro
Exemplares
Situação do levantamento Origin of item (home branch) (coded) Biblioteca de empréstimo Código de barras Cota Circulation type (not for loan) Tipo de documento Nota do exemplar Damaged status
  Biblioteca Escolar da Coca Maravilhas Biblioteca Escolar da Coca Maravilhas BECM8272/08 8EST STI   Livro Sem mensagem